000 00811cam a2200193 a 4500
001 000004714
005 20200929151505.0
008 811202s1970 sp a 000 0 spa
040 _aDO-SdBNP
_bspa
_cBNPHU
082 _a863.3
_bT697c
100 1 _aTorroba Bernaldo de Quirós, Felipe.
_913727
245 1 3 _aEl Cid y Don Quijote :
_bla España de los caminos históricos y literarios /
_cFelipe Torroba Bernaldo de Quirós.
260 _aMadrid :
_bSucs, de Rivadeneyra,
_c1970.
300 _a477 p. :
_bil. ;
_c21 cm.
600 1 0 _aCERVANTES SAAVEDRA, MIGUEL DE,
_d1547-1616
_xCRÍTICA E INTERPRETACIÓN
_913728
600 1 0 _aCID,
_dCA. 1043-1099
_xCRÍTICA E INTERPRETACIÓN
_913729
650 4 _aEl quijote de la mancha
_xCrítica e interpretación
_913730
650 4 _aLiteratura española
_xHistoria y crítica
_93904
999 _c4520
_d4520